| 000 | 00563 a2200205 4500 | ||
|---|---|---|---|
| 005 | 20260401122617.0 | ||
| 008 | 260401b |||||||| |||| 00| 0 eng d | ||
| 020 |
_a9789357787215 _cRs. 460.00 |
||
| 040 | _aMAIN | ||
| 082 |
_a300.72 _bS17R |
||
| 100 | _aSubudhi, Rabi N | ||
| 245 | _aResearch methodology: Methods, techniques, practices | ||
| 260 |
_bTaxmann Publications _c2024 _aNew Delhi |
||
| 300 | _axvii, 305 | ||
| 650 | _aSocial Science | ||
| 650 | _aResearch Methodology | ||
| 700 | _aMishra, Sumita | ||
| 700 | _aSahoo, Malabika | ||
| 942 | _cBK | ||
| 999 |
_c396368 _d396368 |
||